header

Transgressive bodies (Record no. 78613)

MARC details
000 -LEADER
fixed length control field 01300nam a2200325Ia 4500
082 04 - DEWEY DECIMAL CLASSIFICATION NUMBER
Classification number 306.4
100 1# - MAIN ENTRY--AUTHOR NAME
Personal name Richardson, Niall.
245 10 - TITLE STATEMENT
Title Transgressive bodies
260 ## - PUBLICATION, DISTRIBUTION, ETC. (IMPRINT)
Place of publication Farnham, Surrey ;
-- Burlington, VT :
Name of publisher Ashgate Pub.,
Year of publication c2010.
300 ## - PHYSICAL DESCRIPTION
Number of Pages vi, 237 p.
650 #0 - SUBJECT ADDED ENTRY--TOPICAL TERM
Topical Term Human body
Topical Term Human body in popular culture.
Topical Term Human body in mass media.
856 40 - ELECTRONIC LOCATION AND ACCESS
Uniform Resource Identifier http://site.ebrary.com/lib/rucke/Doc?id=10411939

No items available.

© 2026 Rongo University
Contact us: librarian | system librarian | Rongo university